000 01924nam a2200517 i 4500
001 49718
003 KOSZ 005
005 20220518085226.0
008 970513s1992 pl |000 0 pol
015 _aUWD 1992/8563
035 _a991001471999705066
035 _a(PL-WaBN)b1042278x-48omnis_nlop
035 _ab1042278x
035 _a(OCoLC)749395760
035 _a(PL)b0000001042278
035 _a(EXLNZ-48OMNIS_NETWORK)9910456925105606
040 _aWA N
_cWA N
_dKOSZ 005/HR
041 0 _apol
_beng
046 _k1992
080 _a37.018.1
080 _a316.362(438)
080 _a159.922.7
100 1 _aPielkowa, Józefa Anna
_eAutor
245 1 0 _aRodzinne uwarunkowania rozwoju i wychowania dziecka w młodszym wieku szkolnym /
_cJózefa Anna Pielkowa.
260 _aSzczecin :
_bWydawnictwo Naukowe US,
_c1992.
300 _a136, [1] s. ;
_c25 cm.
336 _aTekst
_btxt
_2rdacontent
337 _aBez urządzenia pośredniczącego
_bn
_2rdamedia
338 _aWolumin
_bnc
_2rdacarrier
380 _aKsiążki
388 _a1901-2000
388 _a1989-2000
490 1 _aRozprawy i Studia / Uniwersytet Szczeciński,
_x0860-2751 ;
_vt. 120
500 _aNa s. tyt. także t. 194, oznaczający nr kolejny serii Rozprawy i Studia, do nru 74 wyd. przez Wyższą Szkołę Pedagogiczną w Szczecinie.
504 _aBibliogr. s. 127-136. - Summ.
650 7 _aRozwój psychofizyczny dziecka
_2DBN
650 7 _aWychowanie w rodzinie
_2DBN
650 7 _aSocjologia rodziny
651 7 _aPolska
658 _aEdukacja i pedagogika
710 2 _aWydawnictwo Naukowe Uniwersytetu Szczecińskiego
_4pbl
830 0 _aRozprawy i Studia - Uniwersytet Szczeciński
_vt. 120
856 _uhttp://koha.tu.koszalin.pl/cgi-bin/koha/opac-detail.pl?biblionumber=49718
_yKatalog online BPK
942 _2UKD
_cKS
999 _c49718
_d49718